000 01059nam a2200253Ia 4500
003 OSt
005 20220923220524.0
006 a|||||r|||| 00| 0
007 ta
008 220922b |||||||| |||| 00| 0 hin d
024 _a187,371
037 _cTextual
040 _aARTS
_cARTS
_bhin
041 _2hin
_ahin
082 _aWv51.D5, 152K7
100 _aबार्कर, अनेस्ट
245 0 _aयूनानी राजनीति सिद्धान्त* प्लेटो और उसके पूर्ववर्ती, अनु विश्वप्रकाश गुप्त
246 _aYūnānī rājanīti siddhānta: pleṭo aur usake pūrvavartī, anu0 vishvaprakāsh gupta
260 _aदिल्ली
_b दिल्ली विश्वविद्यालय
_c1967
300 _a644 पृ.
_ccm.
650 _aराजनीतिक विज्ञान
_9156276
942 _hWv51.D5, 152K7
_cTEXL
_2CC
999 _c340448
_d340448